Engendering gender statistics: an analysis of gender differentiated statistics in India (Record no. 503973)

000 -LEADER
fixed length control field 00588cam a22001697a 4500
008 - FIXED-LENGTH DATA ELEMENTS--GENERAL INFORMATION
fixed length control field 180718b2012 xxu||||| |||| 00| 0 eng d
082 ## - DEWEY DECIMAL CLASSIFICATION NUMBER
Classification number R17x54 Sa44/101
100 ## - MAIN ENTRY--PERSONAL NAME
Personal name Samantroy, Ellina and M.B, Dhanya
245 ## - TITLE STATEMENT
Title Engendering gender statistics: an analysis of gender differentiated statistics in India
Statement of responsibility, etc. by Ellina Samantroy and Dhanya M.B
260 ## - PUBLICATION, DISTRIBUTION, ETC.
Place of publication, distribution, etc. Noida
Name of publisher, distributor, etc. V.V.Giri National labour institute
Date of publication, distribution, etc. 2012
300 ## - PHYSICAL DESCRIPTION
Extent 100p.
650 ## - SUBJECT ADDED ENTRY--TOPICAL TERM
Topical term or geographic name entry element Dewey: 303.405
650 ## - SUBJECT ADDED ENTRY--TOPICAL TERM
Topical term or geographic name entry element LCSH: Social conditions
650 ## - SUBJECT ADDED ENTRY--TOPICAL TERM
Topical term or geographic name entry element LCSH: Social change
650 ## - SUBJECT ADDED ENTRY--TOPICAL TERM
Topical term or geographic name entry element Social conditions
650 ## - SUBJECT ADDED ENTRY--TOPICAL TERM
Topical term or geographic name entry element Social change
Holdings
Withdrawn status Lost status Damaged status Not for loan Permanent Location Current Location Date acquired Full call number Barcode Date last seen Price effective from Koha item type
        Indian Institute of Public Administration Indian Institute of Public Administration 2018-08-04 R17x54 Sa44/101 GR20375 2018-08-04 2018-08-04 GR

Powered by Koha